=LDR 00000nam 2200000 4500 =001 INLIS000000000041932 =005 20130612151432 =008 ***********************************ind** =035 ##$$0010-061300000041932 =041 ##$$a ind =082 ##$$a 025.49 =090 ##$$a 025.49, Kas t =100 ##$$a Kastami =245 ##$$a Tajuk subjek bidang hukum, Kastami;Editor, Theodrik simorangkir =260 ##$$a 2012 $b Jakarta =300 ##$$a Viii,322 hlm., 21 cm =650 ##$$a TAJUK SUBJEK BIDANG HUKUM =700 ##$$a Theodrik Simorangkir =850 ##$$a NBPNMAT